|
|
|
|
| LEADER |
00000nab a2200000 a 4500 |
| 001 |
vtls000686984 |
| 003 |
SK-MaSNL |
| 005 |
20260304092713.0 |
| 008 |
250425c1998 xo 0 slo |
| 015 |
|
|
|a SNBRB1999/02-04977
|
| 035 |
|
|
|a CLN000039151
|
| 035 |
|
|
|a urn:nbn:sk:snk-abiqc
|
| 035 |
|
|
|a (urnnbn)urn:nbn:sk:snk:ar-a06p1q
|
| 035 |
|
|
|a (uuid)7af87a6a-0339-49b9-9714-f42d67b41d01
|
| 040 |
|
|
|a SNKBUCL
|b slo
|c SNKBUCL
|e AACR2
|
| 041 |
0 |
|
|a eng
|
| 044 |
|
|
|a xo
|c SK
|
| 080 |
|
|
|a 582.734(438):581.9
|2 1997
|
| 080 |
|
|
|a 581.9(438)
|2 1997
|
| 100 |
1 |
|
|a Kovanda, Miloslav
|4 aut
|9 291212
|
| 245 |
1 |
0 |
|a Sorbus sudetica in the Karkonosze Mts. (Poland)
|c Miloslav Kovanda
|
| 504 |
|
|
|a Res. angl.
|
| 504 |
|
|
|a Bibliogr. odkazy
|
| 650 |
0 |
7 |
|a jarabina sudetská
|z Krkonoše (Poľsko)
|2 snkbucl
|9 1386901
|
| 651 |
|
7 |
|a Krkonoše (Česko a Poľsko : pohorie)
|2 SNKPHgeo
|9 170698
|
| 655 |
|
7 |
|a články z novín a časopisov
|2 snkbucl
|9 267496
|
| 773 |
0 |
|
|t Thaiszia. Journal of botany
|g Roč. 8, č. 2 (1998), s. 137-140
|x 1210-0420
|
| 850 |
|
|
|a Slovenská národná knižnica
|
| 852 |
|
|
|a Slovenská národná knižnica
|
| 958 |
|
|
|a article27
|
| 958 |
|
|
|a NB
|
| 958 |
|
|
|a PL
|
| 958 |
|
|
|a OND
|
| 958 |
|
|
|a EUIPO
|
| 992 |
|
|
|a RBX
|
| 999 |
|
|
|c 2820003
|d 2821933
|